[Event "Vecindario Montalvo Memorial 17th"]
[Site "Vecindario"]
[Date "2025.04.14"]
[Round "3"]
[White "Vega Garcia, Jesus Manuel"]
[Black "Rodriguez Melian, Jose Luis"]
[Result "0-1"]
[WhiteElo "1725"]
[BlackElo "2029"]
[PlyCount "32"]
[EventDate "2025.04.12"]
[EventType "swiss"]
[EventRounds "9"]
[EventCountry "ESP"]
[SourceTitle "CB17_2025"]
[SourceDate "2025.04.23"]
[SourceVersion "1"]
[SourceVersionDate "2025.04.23"]
[SourceQuality "1"]

1. d4 Nf6 2. Nf3 g6 3. g3 d5 4. Bg2 Bg7 5. 0-0 0-0 6. c4 dxc4 7. Na3 c3 8. bxc3 c5 9. Re1 Nc6 10. Nc4 Bf5 11. Ba3 Ne4 12. Bb2 Na5 13. Nfe5 Nd6 14. Nxa5 Qxa5 15. Bd5 cxd4 16. cxd4 Qxd5 0-1

[Event "Gran Canaria-ch Seniors"]
[Site "Arucas"]
[Date "2023.04.24"]
[Round "6.1"]
[White "Rojas Mirabal, Pedro"]
[Black "Rodriguez Melian, Jose Luis"]
[Result "0-1"]
[WhiteElo "2043"]
[BlackElo "2023"]
[PlyCount "100"]
[EventDate "2023.04.12"]
[EventType "swiss"]
[EventRounds "7"]
[EventCountry "ESP"]
[SourceTitle "EXT 2024"]
[Source "ChessBase"]
[SourceDate "2023.10.10"]
[SourceVersion "1"]
[SourceVersionDate "2023.10.10"]
[SourceQuality "1"]

1. e4 e5 2. Nf3 Nf6 3. Nxe5 d6 4. Nf3 Nxe4 5. c4 Be7 6. d3 Nf6 7. Nc3 0-0 8. h3 d5 9. d4 Re8 10. Be3 c6 11. c5 b6 12. cxb6 axb6 13. Bd3 Bd6 14. 0-0 b5 15. a3 Nbd7 16. Qc2 h6 17. Ne2 Bb7 18. a4 b4 19. Nc1 Ne4 20. Nb3 Nb6 21. Nc5 Bxc5 22. dxc5 Nd7 23. Bd4 Qa5 24. Rfc1 Ba6 25. Bxa6 Qxa6 26. Nh4 Nf8 27. Nf5 Ne6 28. Be3 Qa5 29. Qd1 Qd8 30. Qg4 Kh7 31. f3 Nf6 32. Qh4 Ng8 33. Qxb4 Qf6 34. Qg4 Reb8 35. b4 g6 36. Nd6 h5 37. Qg3 Rxb4 38. a5 Nh6 39. Qe1 Rb3 40. Rab1 Rxb1 41. Rxb1 Nf5 42. Nxf5 Qxf5 43. Rb6 d4 44. Bc1 Qxc5 45. Qd2 g5 46. h4 Rxa5 47. hxg5 Qxb6 48. g6+ Kg8 49. Qh6 fxg6 50. Qxg6+ Ng7 0-1

[Event "Gran Canaria-ch Seniors 50"]
[Site "Gran Canaria"]
[Date "2020.02.14"]
[Round "4"]
[White "Bozinovic, Boban"]
[Black "Rodriguez Melian, Jose Luis"]
[Result "1-0"]
[WhiteElo "1939"]
[BlackElo "2103"]
[PlyCount "88"]
[EventDate "2020.02.04"]
[EventType "swiss"]
[EventRounds "7"]
[EventCountry "ESP"]
[SourceTitle "CBM 195 Extra"]
[Source "ChessBase"]
[SourceDate "2020.05.31"]
[SourceVersion "1"]
[SourceVersionDate "2020.05.31"]
[SourceQuality "1"]

1. e4 e5 2. Nf3 Nf6 3. d4 Nxe4 4. Bd3 d5 5. Nxe5 Bd6 6. 0-0 Qh4 7. c4 0-0 8. g3 Qh3 9. cxd5 Nf6 10. Qe2 Nbd7 11. f4 Nxd5 12. Nc3 N7f6 13. Bd2 c6 14. Qg2 Re8 15. Rae1 Qxg2+ 16. Kxg2 Be6 17. f5 Bc8 18. Nxd5 Nxd5 19. Nc4 Rxe1 20. Rxe1 Be7 21. Be4 Kf8 22. g4 Bd7 23. Ne5 Be8 24. h3 f6 25. Nf3 Bf7 26. a3 Rd8 27. Bb1 Bd6 28. h4 Nf4+ 29. Kf2 Bc4 30. Re3 Bf7 31. Re4 Nd5 32. g5 c5 33. dxc5 Bxc5+ 34. Kg3 Ne7 35. Ra4 b5 36. Ra6 Bb6 37. Ba5 Rd1 38. Be4 Bd4 39. Bb4 Bb6 40. gxf6 gxf6 41. Ba5 Bd4 42. Bc2 Rc1 43. Nxd4 Nxf5+ 44. Bxf5 Rc4 1-0

[Event "Las Palmas Montalvo Memorial 12th"]
[Site "Las Palmas"]
[Date "2019.04.16"]
[Round "5"]
[White "Mamani Beltran, Deniman"]
[Black "Rodriguez Melian, Jose Luis"]
[Result "0-1"]
[WhiteElo "1858"]
[BlackElo "2107"]
[PlyCount "84"]
[EventDate "2019.04.13"]
[EventType "swiss"]
[EventRounds "9"]
[EventCountry "ESP"]
[SourceTitle "CBM 189 Extra"]
[Source "ChessBase"]
[SourceDate "2019.05.31"]
[SourceVersion "1"]
[SourceVersionDate "2019.05.31"]
[SourceQuality "1"]

1. e4 e5 2. Nf3 Nf6 3. Nxe5 d6 4. Nf3 Nxe4 5. d4 d5 6. Bd3 Nc6 7. 0-0 Be7 8. Re1 Bf5 9. Nbd2 Nxd2 10. Bxf5 Nxf3+ 11. gxf3 0-0 12. c3 Bd6 13. f4 Qf6 14. Qg4 Ne7 15. Bc2 g6 16. Bd2 Kh8 17. Qg5 Kg7 18. f5 Nxf5 19. Bxf5 Qxf5 20. Qxf5 gxf5 21. f4 Rae8 22. Kf2 Re4 23. Rg1+ Kf6 24. Rae1 Rfe8 25. Kf3 c6 26. a3 b5 27. b4 a6 28. h3 Ra8 29. Ra1 Rae8 30. Rae1 Bc7 31. Rgf1 Rg8 32. Rg1 Rg6 33. Rxg6+ fxg6 34. Ra1 Re8 35. h4 Ra8 36. a4 bxa4 37. Rxa4 Bb6 38. Be1 Ra7 39. Bd2 a5 40. c4 axb4 41. Rxb4 Ra3+ 42. Ke2 Ba5 0-1

[Event "Las Palmas Montalvo Memorial 12th"]
[Site "Las Palmas"]
[Date "2019.04.15"]
[Round "4"]
[White "Rodriguez Melian, Jose Luis"]
[Black "Hagner, Bennet"]
[Result "1/2-1/2"]
[WhiteElo "2107"]
[BlackElo "1878"]
[PlyCount "130"]
[EventDate "2019.04.13"]
[EventType "swiss"]
[EventRounds "9"]
[EventCountry "ESP"]
[SourceTitle "CBM 189 Extra"]
[Source "ChessBase"]
[SourceDate "2019.05.31"]
[SourceVersion "1"]
[SourceVersionDate "2019.05.31"]
[SourceQuality "1"]

1. d4 d5 2. Nf3 Nf6 3. g3 e6 4. Bg2 b5 5. 0-0 Nbd7 6. b3 Bb7 7. Bb2 Be7 8. Ne5 c5 9. Nxd7 Qxd7 10. dxc5 Bxc5 11. Qd2 Qe7 12. Qd3 a6 13. a4 b4 14. c3 0-0 15. cxb4 Bxb4 16. Na3 Rfc8 17. Nc2 Bd6 18. Rfc1 Ne4 19. Nd4 Bb4 20. Rxc8+ Rxc8 21. Rc1 Rxc1+ 22. Bxc1 Be1 23. Bxe4 dxe4 24. Qc4 h6 25. Nc2 Ba5 26. Be3 Qc7 27. Na3 Qe5 28. Qd4 Qxd4 29. Bxd4 Bd5 30. Nc4 Bxc4 31. bxc4 Kf8 32. Kg2 g6 33. f3 exf3+ 34. Kxf3 Ke7 35. g4 Kd6 36. Be3 h5 37. gxh5 gxh5 38. Kf4 Bd8 39. Bf2 Be7 40. e4 Bd8 41. h3 Be7 42. Bb6 Kc6 43. Bd4 Bd8 44. e5 Be7 45. Ke4 Bc5 46. Kd3 Kb6 47. Bxc5+ Kxc5 48. Kc3 a5 49. h4 Kc6 50. Kd4 Kb6 51. c5+ Kc7 52. Kc3 Kb7 53. Kd4 Kc7 54. Ke4 Kc6 55. Kf4 Kxc5 56. Kg5 Kd5 57. Kxh5 Kxe5 58. Kg5 Kd6 59. Kf6 e5 60. h5 e4 61. h6 e3 62. h7 e2 63. h8Q e1Q 64. Qb8+ Kc5 65. Qb5+ Kd6 1/2-1/2

[Event "Liga Insular Gran Canaria Preferente"]
[Site "Las Palmas"]
[Date "2019.03.09"]
[Round "2.2"]
[White "Rodriguez Melian, Jose Luis"]
[Black "Camino Carrio, Nicanor"]
[Result "1-0"]
[WhiteElo "2095"]
[BlackElo "1921"]
[PlyCount "43"]
[EventDate "2019.03.02"]
[EventType "team-tourn"]
[EventRounds "9"]
[EventCountry "ESP"]
[SourceTitle "EXT 2021"]
[Source "ChessBase"]
[SourceDate "2020.10.23"]
[SourceVersion "1"]
[SourceVersionDate "2020.10.23"]
[SourceQuality "1"]
[WhiteTeam "Guia Univac"]
[BlackTeam "Piscolabis Oleaje San Andres"]
[WhiteTeamCountry "ESP"]
[BlackTeamCountry "ESP"]

1. d4 g6 2. c4 Bg7 3. Nc3 d6 4. e4 c5 5. dxc5 Bxc3+ 6. bxc3 dxc5 7. Qxd8+ Kxd8 8. Be3 b6 9. 0-0-0+ Kc7 10. Bf4+ Kb7 11. Nf3 h6 12. Bd3 Be6 13. e5 Nc6 14. Be4 Kc7 15. Bd5 Rh7 16. Rd2 Rd8 17. Rhd1 Na5 18. h3 g5 19. Bh2 Rg7 20. g4 Nxc4 21. Bxc4 Rxd2 22. Nxd2 1-0

[Event "Gran Canaria Santana Memorial 6th"]
[Site "Gran Canaria"]
[Date "2018.12.04"]
[Round "7.3"]
[White "Rodriguez Melian, Jose Luis"]
[Black "Parsons, Alan"]
[Result "1-0"]
[WhiteElo "2105"]
[BlackElo "1759"]
[PlyCount "117"]
[EventDate "2018.11.16"]
[EventType "swiss"]
[EventRounds "7"]
[EventCountry "ESP"]
[SourceTitle "EXT 2024"]
[Source "ChessBase"]
[SourceDate "2023.10.10"]
[SourceVersion "1"]
[SourceVersionDate "2023.10.10"]
[SourceQuality "1"]

1. d4 Nf6 2. c4 g6 3. Nc3 d5 4. cxd5 Nxd5 5. e4 Nxc3 6. bxc3 Bg7 7. Be3 0-0 8. Rc1 c5 9. Qd2 Qa5 10. d5 e6 11. c4 Qxd2+ 12. Kxd2 b6 13. Bd3 Na6 14. Ne2 Bd7 15. Nc3 f5 16. f3 Nc7 17. Rhd1 e5 18. Rb1 Rfb8 19. Rb2 Bf8 20. Rdb1 f4 21. Bf2 Bd6 22. Bc2 Ne8 23. Ba4 Bxa4 24. Nxa4 Bc7 25. Nc3 Nd6 26. Kd3 Kf7 27. h4 h6 28. Rh1 Rg8 29. Be1 Rab8 30. a4 a5 31. g3 g5 32. Rbh2 Kg6 33. Ne2 Rbf8 34. Bc3 Ne8 35. hxg5 hxg5 36. Rh7 Rg7 37. R1h6+ Kf7 38. gxf4 gxf4 39. Rh5 Rxh7 40. Rxh7+ Ng7 41. Rh6 Rd8 42. Rc6 Ne8 43. Rh6 Ng7 44. Bb2 Rd6 45. Rh8 Rd7 46. Nc3 Rd8 47. Rh6 Rd6 48. Rh2 Rg6 49. Nb5 Bb8 50. Bc3 Kg8 51. Ke2 Rg5 52. Kf2 Rg6 53. Rg2 Rh6 54. Rg5 Rh2+ 55. Rg2 Rxg2+ 56. Kxg2 Kf7 57. d6 Kf6 58. Nc7 Ne6 59. Nd5+ 1-0

[Event "Gran Canaria Santana Memorial 6th"]
[Site "Gran Canaria"]
[Date "2018.11.16"]
[Round "1.2"]
[White "Rodriguez Melian, Jose Luis"]
[Black "Garcia Piqueras, Rufino"]
[Result "1-0"]
[WhiteElo "2105"]
[BlackElo "1493"]
[PlyCount "46"]
[EventDate "2018.11.16"]
[EventType "swiss"]
[EventRounds "7"]
[EventCountry "ESP"]
[SourceTitle "EXT 2024"]
[Source "ChessBase"]
[SourceDate "2023.10.10"]
[SourceVersion "1"]
[SourceVersionDate "2023.10.10"]
[SourceQuality "1"]

1. d4 Nf6 2. c4 e5 3. dxe5 Ng4 4. Bf4 Nc6 5. Nf3 Bb4+ 6. Nbd2 Qe7 7. a3 Ngxe5 8. Nxe5 Nxe5 9. e3 Bxd2+ 10. Qxd2 0-0 11. Be2 d6 12. 0-0 Bg4 13. Bxe5 Bxe2 14. Bxg7 Bxf1 15. Bxf8 Qg5 16. Rxf1 Kxf8 17. Rd1 Ke7 18. Qd3 Rg8 19. g3 h5 20. Qe4+ Kd7 21. Qxb7 h4 22. Qd5 hxg3 23. Qxf7+ Kc8 1-0

[Event "Las Palmas Montalvo Memorial 11th"]
[Site "Las Palmas"]
[Date "2018.03.27"]
[Round "5"]
[White "Alvarado Diaz, Alejandro"]
[Black "Rodriguez Melian, Jose Luis"]
[Result "1-0"]
[WhiteElo "2399"]
[BlackElo "2079"]
[PlyCount "51"]
[EventDate "2018.03.24"]
[EventType "swiss"]
[EventRounds "9"]
[EventCountry "ESP"]
[SourceTitle "CBM 183 Extra"]
[Source "ChessBase"]
[SourceDate "2018.04.19"]
[SourceVersion "1"]
[SourceVersionDate "2018.04.19"]
[SourceQuality "1"]

1. Nf3 Nf6 2. g3 d5 3. Bg2 g6 4. b3 Bg7 5. Bb2 0-0 6. 0-0 c5 7. c4 d4 8. b4 d3 9. bxc5 Na6 10. exd3 Bf5 11. d4 Bd3 12. Na3 Bxf1 13. Qxf1 Nd7 14. Rb1 e5 15. dxe5 Naxc5 16. d4 Na4 17. Ba1 Nab6 18. c5 Nd5 19. Rxb7 a5 20. Qc4 Nb4 21. Nb5 Rb8 22. Rxb8 Qxb8 23. a3 Nc6 24. e6 Nf6 25. Ng5 Ne7 26. a4 1-0

[Event "Las Palmas Montalvo Memorial 11th"]
[Site "Las Palmas"]
[Date "2018.03.24"]
[Round "1"]
[White "Rodriguez Melian, Jose Luis"]
[Black "Mamani Beltran, Deniman"]
[Result "1-0"]
[WhiteElo "2079"]
[BlackElo "1510"]
[PlyCount "65"]
[EventDate "2018.03.24"]
[EventType "swiss"]
[EventRounds "9"]
[EventCountry "ESP"]
[SourceTitle "CBM 183 Extra"]
[Source "ChessBase"]
[SourceDate "2018.04.19"]
[SourceVersion "1"]
[SourceVersionDate "2018.04.19"]
[SourceQuality "1"]

1. d4 d5 2. c4 e6 3. g3 Nf6 4. Bg2 Be7 5. Nf3 0-0 6. Nbd2 c5 7. dxc5 Bxc5 8. 0-0 Nc6 9. Qc2 Nb4 10. Qb3 a5 11. a3 Nc6 12. Qc2 d4 13. Nb3 Ba7 14. Bf4 Nh5 15. Bd2 a4 16. Nc1 Bb6 17. Nd3 Re8 18. Nfe5 Bd7 19. c5 Bc7 20. Nxd7 Qxd7 21. Nb4 f5 22. Rad1 Nf6 23. Bg5 e5 24. Bxf6 gxf6 25. Bh3 Nxb4 26. axb4 e4 27. Qc4+ Qe6 28. Qxe6+ Rxe6 29. Rxd4 Be5 30. Rd2 a3 31. bxa3 Rxa3 32. Bxf5 Rea6 33. Bxe4 1-0

[Event "Gran Canaria Cabildo op"]
[Site "Gran Canaria"]
[Date "2018.03.09"]
[Round "2"]
[White "Rodriguez Melian, Jose Luis"]
[Black "Moreno Diepa, Diego"]
[Result "1-0"]
[WhiteElo "2079"]
[BlackElo "1335"]
[PlyCount "119"]
[EventDate "2018.03.06"]
[EventType "swiss"]
[EventRounds "7"]
[EventCountry "ESP"]
[SourceTitle "CBM 183 Extra"]
[Source "ChessBase"]
[SourceDate "2018.04.19"]
[SourceVersion "1"]
[SourceVersionDate "2018.04.19"]
[SourceQuality "1"]

1. d4 Nf6 2. c4 c5 3. d5 b5 4. cxb5 a6 5. bxa6 Bxa6 6. Nc3 g6 7. Nf3 d6 8. e4 Bxf1 9. Kxf1 Nbd7 10. h3 Bg7 11. Kg1 0-0 12. Kh2 Rb8 13. Re1 Ne8 14. Re2 Nc7 15. Qd3 Rb4 16. Rc2 Qa8 17. Bg5 Re8 18. Rd1 Qb7 19. Rdd2 Nb6 20. a3 Rb3 21. Re2 Na4 22. Bc1 Nb5 23. Qc4 Nbxc3 24. bxc3 Nxc3 25. Re3 Qb5 26. Qxb5 Rxb5 27. Rexc3 Bxc3 28. Rxc3 f6 29. Nd2 Reb8 30. f4 Kf7 31. Kg3 h6 32. Kf3 Ra8 33. Rc4 Rd8 34. Ke3 Rd7 35. Kd3 e6 36. a4 Ra5 37. Nb3 Ra8 38. dxe6+ Kxe6 39. Kc3 Rb7 40. a5 Rab8 41. Nd2 Ra7 42. Ra4 Rb5 43. Nc4 Ra6 44. Ra2 Rb7 45. Rb2 Rxb2 46. Bxb2 d5 47. exd5+ Kxd5 48. Kd3 g5 49. f5 h5 50. Bc3 h4 51. Nb6+ Kc6 52. Kc4 Ra7 53. Nd5 Rf7 54. Bxf6 Ra7 55. Bc3 Rd7 56. Ne3 Rc7 57. f6 Rf7 58. Ng4 Rf8 59. Bd2 Rg8 60. f7 1-0